Least Creative Country Capitals Quiz Stats

Quiz not verified by Sporcle

Challenge
Share
Tweet
Embed
Score 0/14 Timer 05:00
0 Plays Today
Continent Capital % Correct
AfricaSao Tome
100%
EuropeVatican City
89.5%
North AmericaPanama City
88.4%
North AmericaMexico City
87.4%
North AmericaGuatemala City
86.3%
EuropeMonaco
81.1%
EuropeSan Marino
77.9%
Continent Capital % Correct
EuropeLuxembourg
77.9%
AsiaKuwait City
73.7%
EuropeAndorra la Vella
70.5%
AfricaDjibouti
64.2%
AsiaSingapore
61.1%
AfricaTunis
44.2%
AfricaBissau
0%

You're not logged in!

Compare scores with friends on all Sporcle quizzes.
Sign Up with Email
OR
Log In

You Might Also Like...

Show Comments

Extras

Top Quizzes Today


Score Distribution

Your Account Isn't Verified!

In order to create a playlist on Sporcle, you need to verify the email address you used during registration. Go to your Sporcle Settings to finish the process.

Report this User

Report this user for behavior that violates our Community Guidelines.

Details: